000
00227 a2200109 4500
003
Nust
005
20170207154229.0
040
_c
Nust
082
_a
371.33
245
_a
Unbreakable (VHS-371)
440
_a
Unbreakable (VHS-371)
538
_a
Duration Mins 102
999
_c
195728
_d
195728